[Event "The Asheboro Open III"]
[Site "?"]
[Date "2005.08.13"]
[Round "?"]
[White "Carroll, Michael"]
[Black "Jodrey, Joshua"]
[Result "1-0"]
[WhiteElo "1939"]
[BlackElo "1707"]
[Annotator "Fritz 9 (30s)"]
[PlyCount "59"]
[SourceDate "2006.11.11"]

{A40: Unusual replies to 1 d4} 1. d4 c6 2. e3 Nf6 3. Bd3 d5 4. Nd2 Nbd7 $146 (
4... Bg4 5. Ne2 Nbd7 6. f4 e6 7. c3 Bd6 8. O-O O-O 9. Qe1 Bf5 10. Bb1 Bxb1 11.
Rxb1 c5 12. Qh4 Qa5 13. Ra1 Qa6 14. Ng3 Qd3 15. Nf3 Qg6 16. Qh3 Qg4 17. Qxg4
Nxg4 18. e4 dxe4 19. Nxe4 {Franck,R-Crell/Ruhrgebiet 1999/EXT 2001/1-0 (57)})
5. f4 c5 6. c3 {Black's pieces can't move: c8+f8} c4 {
Black threatens to win material: c4xd3} 7. Bc2 b5 8. Ngf3 Nb6 9. O-O Bg4 (9...
g6 10. e4 $16) 10. h3 $16 Bxf3 11. Qxf3 (11. gxf3 $6 Rg8 $11) 11... e6 (11...
g6 12. e4 e6 13. f5 exf5 14. e5 $16) 12. e4 {White plans f5} (12. f5 Qc7 13.
fxe6 fxe6 14. e4 $16) 12... Be7 $2 (12... g6 $142 $5 $16) 13. e5 $18 Nfd7 14.
f5 Nf8 $2 (14... O-O 15. f6 Bxf6 16. exf6 Nxf6 17. Qg3 $18) 15. fxe6 (15. Qg3
$142 {might be the shorter path} Rg8 16. f6 Bxf6 17. exf6 g5 $18) 15... f6 (
15... fxe6 16. Qf7+ Kd7 $18) 16. exf6 Bxf6 17. Qf5 (17. Qh5+ $142 {
and the result of the game is clear: White will win} g6 18. Qf3 Nxe6 19. Qxf6
Qxf6 20. Rxf6 Ke7 $18) 17... Qe7 18. Nf3 (18. Ne4 {seems even better} dxe4 19.
Qxb5+ Kd8 $18) 18... O-O-O (18... g6 19. Qg4 Nxe6 20. Re1 $18) 19. Re1 (19. Ng5
{makes it even easier for White} b4 $18) 19... h6 $2 (19... g6 $142 20. Qg4 h6
$18) 20. Ne5 Bxe5 21. Qxe5 (21. dxe5 $6 Nxe6 22. Be3 Rhf8 $16) ({Weaker is} 21.
Rxe5 Rd6 22. Qf7 Kd8 $18) 21... Rd6 (21... Kb7 {what else?} 22. b3 a5 $18) 22.
Bf4 Rxe6 (22... Kc7 {hoping against hope} 23. Bf5 Nh7 24. Bxh7 Kc6 $18) 23.
Qb8+ Kd7 24. Bf5 Ng6 25. Qxa7+ (25. Qc7+ Ke8 26. Bxg6+ Kf8 27. Qb8+ Nc8 28.
Qxc8+ Qe8 29. Qxe8+ Rxe8 30. Rxe8#) 25... Kc6 (25... Ke8 {
doesn't get the cat off the tree} 26. Rxe6 Qxe6 27. Bxe6 Nxf4 28. Qb8+ Ke7 29.
Qc7+ Kxe6 30. Re1+ Ne2+ 31. Rxe2+ Kf6 32. Qe5+ Kg6 33. Qe6+ Kh7 34. Qf5+ g6 35.
Qf7#) 26. Rxe6+ Qxe6 27. Bxe6 (27. Qc7#) 27... Nxf4 $18 28. Qxg7 (28. Re1 b4
29. cxb4 h5 30. a4 h4 31. b5+ Kd6 32. Qxb6+ Ke7 33. Qc7+ Kf6 34. Qxf4+ Ke7 35.
Qf7+ Kd8 36. Qd7#) 28... Re8 29. Bg4 Na4 30. Qxh6+ (30. Qxh6+ Kb7 31. Qxf4 $18)
(30. Qd7+ Kb6 31. Qxe8 Ne2+ 32. Qxe2 Nxc3 33. bxc3 Kc7 34. Qe5+ Kb7 35. Qxd5+
Kc7 36. Qc5+ Kb7 37. Qxb5+ Kc7 38. Rb1 Kd8 39. Qd7#) 1-0

[Event "The Asheboro Open III"]
[Site "?"]
[Date "2005.08.13"]
[Round "?"]
[White "Chris Mabe"]
[Black "Dave Pecora"]
[Result "1/2-1/2"]
[WhiteElo "2104"]
[BlackElo "2098"]
[Annotator "Fritz 9 (30s)"]
[PlyCount "90"]
[EventDate "8.??.??"]
[SourceDate "2006.11.11"]

{B43: Sicilian: Kan Variation: 5 Nc3} 1. e4 c5 2. Nf3 e6 3. d4 cxd4 4. Nxd4 a6
5. Bd3 Nf6 6. Nc3 Qc7 7. O-O Bc5 8. Be3 d6 9. Qe2 Nc6 $146 (9... b5 10. Rad1
O-O 11. Nb3 Bxe3 (11... Nbd7 12. e5 Nd5 13. Nxd5 exd5 14. Qh5 g6 15. exd6 {
1/2-1/2 Rogic,D (2435)-Kurajica,B (2595)/Makarska Tucepi 1995/EXT 97}) 12. Qxe3
Bb7 13. Kh1 (13. Rd2 Nbd7 14. Rfd1 b4 15. Ne2 d5 16. exd5 Nxd5 17. Qg3 Qb6 18.
Nf4 N7f6 19. Nd4 Rad8 20. Nf3 Nxf4 21. Qxf4 Rd5 {
1/2-1/2 Bisguier,A-Bilek,I/Stockholm 1962/IZT}) 13... Nbd7 14. f4 e5 15. fxe5
Nxe5 16. Nd4 Qc5 17. Be2 Rfe8 18. Rxf6 gxf6 19. Qh6 d5 20. exd5 Ng6 21. Nf5 Qf8
22. Qxf8+ Kxf8 23. Nd6 Re7 24. Nxb7 {
Morshedi,A (2156)-Hayward,K (2281)/Dallas 2003/EXT 2005/1/2-1/2}) (9... e5 10.
Nb3 Bxe3 11. Qxe3 Be6 12. f4 Ng4 13. Qg3 Qb6+ 14. Kh1 exf4 15. Rxf4 h5 16. Nd5
Bxd5 17. exd5 Nd7 18. Bf5 Nde5 19. Re1 g5 20. Rff1 Kd8 21. h3 h4 22. Qc3 Nf2+
23. Kh2 g4 24. Qd4 {
Sosiuk,E-Brunetti,F (1997)/Villa Ballester 2004/CBM 098 ext/1-0 (45)}) (9...
Nbd7 10. a4 b6 11. f4 Bb7 12. Kh1 O-O 13. Bg1 Rfe8 14. Rad1 e5 15. fxe5 Rxe5
16. Rf5 Rxf5 17. Nxf5 Bxg1 18. Kxg1 g6 19. Ne7+ Kf8 20. Ned5 Bxd5 21. Nxd5 Nxd5
22. exd5 a5 23. Bb5 Ne5 24. h3 {
Molvig,H (2240)-Emms,J (2525)/Copenhagen 1994/EXT 99/0-1 (47)}) 10. Nxc6 Qxc6
11. Bg5 Bd4 12. Kh1 (12. Nd1 h6 13. Bh4 Nd7 $14) 12... h6 13. Bh4 Bd7 14. f4
Qc7 15. Rae1 Bc6 (15... h5 16. h3 $16) 16. Bxf6 (16. e5 Bxc3 17. bxc3 dxe5 18.
fxe5 Nd5 $16) 16... gxf6 (16... Bxf6 $5 {should be examined more closely} 17.
Nd5 Qd8 $14) 17. Nd5 $18 Qd8 18. c3 Ba7 (18... Bc5 19. Qh5 $18) 19. Qh5 {
White intends f5} Kf8 20. Nb4 Ke7 (20... a5 21. Nxc6 bxc6 22. b3 $18) 21. Qh4 (
21. Bxa6 $142 $5 {keeps an even firmer grip} Qb6 22. Bd3 Rag8 23. Nd5+ exd5 24.
exd5+ Kf8 25. dxc6 bxc6 $18) 21... Kd7 22. f5 e5 23. Bc4 Ke7 (23... Qe7 24. a4
$18) 24. Bd5 (24. Bxa6 Qg8 25. Qh3 Qg5 $18) 24... Qc8 (24... Qd7 25. Rd1 $18)
25. Qh5 Rh7 26. Rd1 a5 27. Nd3 (27. Nxc6+ $142 {
would have given White the upper hand} bxc6 28. Bxf7 Rxf7 29. Rxd6 Kxd6 30.
Qxf7 $18) 27... Bxd5 $14 28. exd5 Qc4 29. Qe2 Rc8 (29... Kf8 $5 $14) 30. b3 Qa6
31. c4 Rhh8 32. a4 (32. Nf4 h5 $16) 32... Qb6 (32... Rcg8 33. Nf4 $16) 33. Rb1
(33. Rf3 Qc7 $16) 33... Rhg8 34. Nf2 (34. Rf3 $5 $16) 34... Qe3 $14 35. Qxe3
Bxe3 36. Ne4 Rg4 {Black threatens to win material: Rg4xe4} 37. Ng3 (37. Nf2 Rd4
38. g3 $11) 37... b6 (37... Rcg8 $142 $5 $15 {is worthy of consideration}) 38.
Rbe1 $14 Bd4 (38... Bd2 39. Re2 Rd4 $16) 39. Re4 {
White threatens to win material: Re4xg4} (39. Ne4 $142 $5 $16) 39... Rcg8 $11
40. Rfe1 (40. Re2 $142 $5 $11 {deserves consideration}) 40... Bf2 $17 41. Rxg4
Rxg4 42. Re4 Rg5 43. Rh4 (43. Ne2 $5 Rxf5 44. Ng1 Bxg1 45. Kxg1 $17) 43... Bxg3
44. hxg3 Rxf5 45. Kg1 h5 {
And the rest of the game finished in a time scramble..} 1/2-1/2

[Event "The Asheboro Open III"]
[Site "?"]
[Date "2005.08.13"]
[Round "?"]
[White "Dave Pecora"]
[Black "Laurin Keller"]
[Result "1-0"]
[WhiteElo "2098"]
[BlackElo "1642"]
[Annotator "Fritz 9 (30s)"]
[PlyCount "45"]
[EventDate "8.??.??"]
[SourceDate "2006.11.11"]

{B01: Scandinavian Defence} 1. e4 d5 2. exd5 Qxd5 3. Nc3 Qd6 4. d4 Nf6 5. Bd3
c6 6. Nge2 Bg4 7. O-O $146 (7. f3 Bh5 8. Bf4 Qd8 9. Qd2 (9. g4 Bg6 10. h4 e6
11. h5 Bxd3 12. Qxd3 h6 13. O-O-O Qa5 14. Kb1 Nbd7 15. Ne4 O-O-O 16. Nd6+ Bxd6
17. Bxd6 Nb6 18. Bg3 Qb5 19. b3 Qxd3 20. Rxd3 Rhe8 21. Rhd1 Nbd7 22. c4 b6 23.
Kc2 Kb7 {
Ishkhamov,T (2290)-Gonzalez,R (2419)/Las Vegas 2004/CBM 100 ext/0-1 (60)}) 9...
Bg6 (9... e6 10. Ne4 (10. O-O-O Bb4 11. a3 Be7 12. g4 Bg6 13. h4 Bxd3 14. Qxd3
Nbd7 15. h5 h6 16. Ng3 Nb6 17. Nce4 Qd5 18. Kb1 O-O-O 19. Nxf6 gxf6 20. Rhe1
Nc4 21. Bc1 Rd7 22. Ne2 Nb6 23. b3 Qa5 24. Qc3 Qa6 {
Fenollar Jorda,M (2251)-Abbasov,F (2443)/Dos Hermanas 2004/EXT 2005/1-0 (56)})
10... Nd5 11. O-O-O Bg6 12. Be5 Nb4 13. Bc4 a5 14. Nf4 Bxe4 15. fxe4 Nd7 16.
Qe2 Nxe5 17. dxe5 Qg5 18. Rhf1 Be7 19. Kb1 Qxe5 20. a3 Na6 21. Nd3 Qg5 22. h4
Qg3 23. Rf4 Nc5 24. Rg4 {
Efimenko,Z (2547)-Sergeev,V (2447)/Simferopol 2003/CBM 097 ext/1-0}) 10. Bc4 e6
11. g4 h6 12. a3 Nbd7 13. Bg3 Nb6 14. Bb3 Bd6 15. Nf4 Bh7 16. O-O-O Nfd5 17.
Ncxd5 cxd5 18. Qe3 Qe7 19. Rde1 Kf8 20. Kb1 Rc8 21. Re2 Bxf4 {
Betancourt,J (1874)-Buzov,B (2234)/Koblenz 2004/EXT 2005/1/2-1/2 (58)}) 7... e6
(7... Nbd7 8. f3 Bh5 9. Bf4 $16) 8. Re1 (8. f3 $5 Bh5 9. Ne4 Nxe4 10. Bf4 $16)
8... Qc7 $14 9. f3 {Consolidates e4} Bh5 10. Ne4 (10. Bf4 Bd6 11. Qd2 Nbd7 $14)
10... Nxe4 $11 11. fxe4 Nd7 12. Bf4 {White threatens to win material: Bf4xc7} (
12. c3 $14) 12... Bxe2 (12... e5 $142 {and Black can hope to survive} 13. Bg3
Bd6 $11) 13. Bxc7 $16 Bxd1 14. Raxd1 g6 15. d5 (15. Bc4 $5 $16) 15... Rc8 $14 {
Black threatens to win material: Rc8xc7} 16. Bg3 Bc5+ 17. Kh1 O-O $2 (17... e5
$142 $14 {would keep Black alive}) 18. dxe6 (18. dxc6 $142 Rxc6 19. Bb5 $18)
18... fxe6 $4 {a blunder in a bad position. .} (18... Nb6 $142 19. exf7+ Kxf7
$18) 19. Bc4 Rcd8 (19... Nb6 {hoping against hope} 20. Bxe6+ Kg7 21. Bxc8 Rxc8
$18) 20. Bxe6+ Rf7 (20... Kg7 {the last chance for counterplay} 21. Bc7 Rde8
22. Rxd7+ Re7 23. Be5+ Kh6 24. Rxe7 Bxe7 $18) 21. Rf1 Bb6 22. Bxf7+ Kg7 23. Bh4
(23. Bh4 Nc5 24. Bxd8 Bxd8 25. Rxd8 Nxe4 26. Rd7 $18) 1-0

[Event "The Asheboro Open III"]
[Site "?"]
[Date "2005.08.13"]
[Round "3"]
[White "Davis, John T."]
[Black "Yu, Charles"]
[Result "0-1"]
[WhiteElo "1590"]
[BlackElo "1551"]
[Annotator "Fritz 9 (30s)"]
[PlyCount "84"]
[SourceDate "2006.11.11"]

{C07: French Tarrasch: 3...c5, 4 Ngf3 and 4 exd5 Qxd5} 1. e4 e6 2. d4 d5 3. Nd2
c5 4. c3 Nc6 5. Bb5 Qb6 6. Bxc6+ (6. exd5 exd5 7. Bxc6+ Qxc6 8. Ne2 Nf6 9. Nf3
Be7 10. O-O O-O 11. Re1 Bg4 12. Nf4 Qc7 13. Qd3 Bd6 14. g3 c4 15. Qd1 Rae8 16.
Rxe8 Rxe8 17. Bd2 Ne4 18. Nxd5 Qc6 19. Ne5 Bxe5 20. Qxg4 Qxd5 {
Vandevelde,L (1203)-Inghelbrecht,V (1570)/Gent 2004/EXT 2005/0-1}) 6... bxc6 7.
Ngf3 (7. Ne2 Ba6 8. dxc5 Bxc5 9. O-O Nf6 10. b4 Bxf2+ 11. Kh1 dxe4 12. a4 e3
13. Nf3 Rd8 14. Qc2 Bd3 15. Qb2 Ne4 16. Ne5 Nd2 17. Bxd2 Bxe2 18. Bxe3 Qxe3 19.
Ng4 Bxg4 20. Rxf2 O-O 21. Raf1 Rd3 {
Niemiec,D-Socko,M (2165)/Biala Podlaska 1994/EXT 2001/0-1}) 7... Ba6 8. e5 $146
{White gains space} (8. Qc2 Nf6 9. e5 (9. a3 cxd4 10. cxd4 c5 11. e5 Nd7 12.
dxc5 Nxc5 13. b4 Nd3+ 14. Kd1 Nxf2+ 15. Ke1 Qe3# {
0-1 Simler,K-Von Motschenbacher,A/California 1992/EXT 2000}) 9... Nd7 10. a4
cxd4 11. cxd4 Bb4 12. b3 Rc8 13. Bb2 c5 14. Qd1 O-O 15. Rc1 cxd4 16. Bxd4 Nc5
17. Bxc5 Bxc5 18. Rxc5 Rxc5 19. Qb1 Rfc8 20. Kd1 Rc3 21. Ng5 Bd3 22. Qa1 Qxf2 {
Schuster,L-Zahn,R/Bad Wildbad 1999/CBM 073 ext/0-1}) (8. Qb3 cxd4 9. Qxb6 axb6
10. cxd4 Bb4 11. exd5 exd5 {
1/2-1/2 Grossjohann,D-Hieramente,M/Griesheim 1999/EXT 2000}) 8... cxd4 9. cxd4
Ne7 10. Qb3 (10. Nb3 $5 $15 {is an interesting alternative}) 10... Ng6 11. Qxb6
axb6 12. Nb3 (12. Nf1 c5 $19) 12... Bb4+ (12... Bc4 13. Nfd2 Bb4 14. Kd1 $19)
13. Kd1 (13. Bd2 Be7 $17) 13... Bc4 14. Kc2 O-O 15. Nfd2 (15. h4 h5 16. a3 $17)
15... b5 (15... Bb5 $142 $19 {Black has a promising position}) 16. a3 Be7 17.
g3 f6 18. f4 (18. exf6 Bxf6 19. f4 Be2 $15) 18... fxe5 (18... Be2 19. exf6 Bxf6
20. Nc5 $15) 19. dxe5 $15 c5 20. Nxc4 bxc4 {
White has a new protected passed pawn: a3. Black has new doubled pawns: c4+c5}
(20... dxc4 $6 21. Nd2 $14) 21. Nd2 Ra4 22. b3 (22. Rf1 Nh8 $15) 22... cxb3+
$17 23. Kxb3 Ra6 24. Kc2 c4 {Black wins space} 25. Rd1 (25. Nf3 Bc5 $15) 25...
Rc8 (25... Bc5 26. Nf3 $17) 26. Nb1 (26. Nf3 $5 $15) 26... Bc5 $17 27. Bb2 (27.
Nc3 $5 $17) 27... Ne7 $19 28. Bd4 Bxd4 29. Rxd4 Nf5 30. Rd2 Ne3+ (30... d4 $142
$19) 31. Kc3 $2 (31. Kc1 $142 Rca8 32. Nc3 Rxa3 33. Rxa3 Rxa3 34. Nb5 $19)
31... Rb6 32. Re2 (32. Rda2 {doesn't get the cat off the tree} d4+ $1 {
a beautiful, forced end to the game} 33. Kd2 Rcb8 $19) 32... Rb3+ 33. Kd2 d4 {
Black prepares the advance c3} 34. Kc1 c3 35. Raa2 (35. a4 {desperation} Nd5
36. Rg2 $19) 35... Rcb8 36. Ra1 Rb2 (36... Nc4 $142 {and Black has triumphed}
37. Rc2 d3 38. Nxc3 dxc2 39. Kxc2 Nxa3+ 40. Rxa3 Rxa3 $19) 37. Nxc3 dxc3 $4 {
Black has a mate threat. throwing away the advantage.} (37... Nc4 $142 {
Black missed this excellent chance} 38. Rxb2 Rxb2 $19) 38. Rxe3 $15 c2 $4 {
weakening the position} (38... Rxh2 $142 39. Re1 Rbb2 $15) 39. Kd2 $4 {
instead of simply winning the game} (39. Re1 $142 $16) 39... Rb1 $19 40. Kxc2
Rxa1 41. h4 (41. Rb3 {does not win a prize} Rxb3 42. Kxb3 Rh1 $19) 41... Ra2+
42. Kc1 (42. Kd3 {doesn't change anything anymore} Rb3+ 43. Ke4 Raxa3 44. Rxb3
Rxb3 $19) 42... Ra8 (42... Ra8 43. g4 Ra4 $19) 0-1

[Event "The Asheboro Open III"]
[Site "?"]
[Date "2005.08.13"]
[Round "?"]
[White "Dumitru Lesenco"]
[Black "Dave Pecora"]
[Result "0-1"]
[WhiteElo "1480"]
[BlackElo "2098"]
[Annotator "Fritz 9 (30s)"]
[PlyCount "64"]
[EventDate "8.??.??"]
[SourceDate "2006.11.11"]

{C02: French: Advance Variation} 1. e4 c5 2. c3 e6 3. d4 d5 4. e5 Nc6 5. Nf3
Qb6 6. b3 cxd4 7. cxd4 Bb4+ 8. Bd2 Nxd4 9. Bxb4 Qxb4+ 10. Nbd2 Bd7 (10... Nxf3+
11. Qxf3 Ne7 12. Bd3 Ng6 13. Qe3 O-O 14. O-O Qf4 15. g3 Qxe3 16. fxe3 Nxe5 17.
Be2 Bd7 18. Nf3 Nxf3+ 19. Bxf3 Bb5 20. Rf2 Rac8 21. Be2 Bxe2 22. Rxe2 Rc3 23.
Rd1 Rfc8 24. Rd4 Rc1+ 25. Kg2 {
Newey,R-Pingas,F/Dos Hermanas 2004/CBM 099 ext/0-1 (42)}) 11. Rc1 Ne7 $146 (
11... Bc6 12. Nxd4 Qxd4 13. Nf3 Qxd1+ 14. Rxd1 Ne7 15. Bd3 O-O 16. O-O Rac8 17.
Rc1 Bd7 18. a3 Rxc1 19. Rxc1 Rc8 20. Rxc8+ Bxc8 21. Nd4 a6 22. b4 Nc6 23. Nxc6
bxc6 24. f4 Kf8 25. Kf2 g6 26. Ke3 {
Ries,H-Rueding,U/Ruhrgebiet 1998/EXT 2002/1/2-1/2}) 12. Bd3 (12. Nxd4 Qxd4 13.
Nf3 Qe4+ 14. Qe2 Rd8 $17) 12... Nxf3+ 13. Qxf3 O-O 14. Qe2 (14. Qe3 Bb5 15.
Bxb5 Qxb5 $19) 14... Ng6 15. g3 Qa3 (15... Rac8 16. Rd1 $19) 16. Rc2 (16. O-O
Qxa2 17. Qe3 Rfc8 $19) 16... Rac8 17. Nb1 $2 (17. O-O Rxc2 18. Bxc2 Qxa2 19.
Bxg6 hxg6 20. Qe3 $19) 17... Qa5+ (17... Qb4+ {seems even better} 18. Kf1 Rxc2
19. Bxc2 $19) 18. Kd1 (18. Qd2 Qxd2+ 19. Kxd2 Nxe5 20. Rxc8 Rxc8 $19) 18...
Rxc2 19. Qxc2 (19. Bxc2 {doesn't change the outcome of the game} Bb5 20. Qd2
Qxa2 $19) 19... Rc8 (19... Nxe5 {keeps an even firmer grip} 20. Bxh7+ Kh8 21.
Re1 $19) 20. Qe2 (20. Qd2 Qxd2+ 21. Kxd2 Nxe5 22. Be2 $19) 20... Qc5 (20... Qc7
{and Black can already relax} 21. Qc2 Qxe5 22. Re1 $19) 21. Kd2 (21. Qc2 {
cannot change what is in store for ?} Qd4 22. Qd2 Qxe5 $19) 21... Qb4+ (21...
Bb5 $142 $1 {secures victory} 22. Rd1 Bxd3 23. Kxd3 Nxe5+ 24. Qxe5 Qc2+ 25. Ke3
Qxd1 26. Nc3 $19) 22. Kd1 Qd4 23. f4 (23. Qd2 {there is nothing else anyway}
Qxe5 24. Re1 Qh5+ 25. Qe2 Qxh2 26. Nd2 $19) 23... Bb5 24. Kd2 Bxd3 25. Qxd3
Qf2+ 26. Kd1 Qb2 27. Nd2 Qc1+ (27... Rc1+ 28. Ke2 Rxh1 29. h4 Rh2+ 30. Kd1 Ne7
31. f5 Qa1+ 32. Kc2 Nc6 33. Qc3 Qxa2+ 34. Kd3 Qa6+ 35. Kc2 d4 36. Qxc6 Qxc6+
37. Kb2 Qc3+ 38. Kb1 Rxd2 39. fxe6 Qb2#) 28. Ke2 Qxh1 29. Nf3 Qg2+ 30. Ke3 Qb2
31. Qe2 Rc3+ 32. Kf2 Rc2 (32... Rc2 33. Qxc2 Qxc2+ 34. Kg1 Qb1+ 35. Kf2 Qxa2+
36. Ke1 Qxb3 $19) 0-1

[Event "The Asheboro Open III"]
[Site "?"]
[Date "2005.08.13"]
[Round "?"]
[White "Solarez, Daniel"]
[Black "Parrish, Jacob"]
[Result "0-1"]
[WhiteElo "1757"]
[BlackElo "1816"]
[Annotator "Fritz 9 (30s)"]
[PlyCount "58"]
[SourceDate "2006.11.11"]

{B22: Sicilian: 2 c3} 1. e4 c5 2. c3 Nf6 3. e5 Nd5 4. d4 cxd4 5. Nf3 d6 6. exd6
Qxd6 7. Nxd4 a6 8. Be2 g6 $146 {Consolidates f5+h5} (8... e5 9. Nc2 (9. Nf3 Nc6
10. O-O Nc7 11. Nbd2 Be6 12. Nc4 Qxd1 13. Rxd1 f6 14. Nb6 Rd8 15. Rxd8+ Nxd8
16. Be3 Nd5 17. Nxd5 Bxd5 18. Nd2 Ne6 19. Nb3 Bd6 20. c4 Be4 21. f3 Bc6 22. Na5
Nd4 23. Bxd4 exd4 {
Perez,L (2310)-Gongora Reyes,M (2340)/Santa Clara 1998/EXT 99/1/2-1/2 (52)}) (
9. Nb3 Bf5 10. O-O Nc6 11. Bf3 Rd8 12. Re1 Be7 13. Na3 f6 14. Bxd5 Qxd5 15.
Qxd5 Rxd5 16. Nc4 Rd3 17. Nca5 Nxa5 18. Nxa5 b6 19. Nb3 a5 20. Be3 a4 21. Nc1
Rd6 22. Ne2 Kf7 23. Red1 Rhd8 {
Walker,L (2165)-Santiago,R/Detroit 1994/EXT 2000/0-1 (63)}) 9... Nc6 10. O-O
Be6 11. c4 Nf6 12. Qxd6 Bxd6 13. Nc3 O-O-O 14. Rd1 {
1/2-1/2 Kulicov,O (2407)-Kalesis,N (2435)/Athens GRE 2006/The Week in Chess 608
}) (8... e5 9. Nf3 $14) 9. O-O (9. Na3 Bg7 10. Ndb5 axb5 11. Nxb5 Qc6 12. Qxd5
O-O (12... Qxd5 $2 13. Nc7+ Kd8 14. Nxd5 $18) 13. Qxc6 bxc6 $16) 9... Bg7 $14
10. Bf3 O-O {Black castles and improves king safety} 11. Re1 e6 {
Prevents intrusion on d5+f5} (11... Rd8 12. Na3 $11) 12. Nd2 Nd7 13. Ne4 {
White threatens to win material: Ne4xd6} Qc7 14. Bg5 Ne5 15. h4 (15. Bh4 $5 $14
{should be examined more closely}) 15... Rb8 (15... Nxf3+ $142 16. Qxf3 e5 $17)
16. Qc1 $2 (16. h5 h6 17. Bc1 Nxf3+ 18. Nxf3 g5 $15) 16... Nxf3+ (16... f6 $5
17. Bh6 Nd3 $19) 17. Nxf3 $17 b5 (17... f5 18. Ned2 $17) 18. h5 (18. Bh6 e5 $11
) 18... Bb7 (18... f5 $5 {is noteworthy} 19. h6 Bh8 $17) 19. Bh6 $11 Ba8 (19...
f6 20. a4 e5 21. b4 $11) 20. Nd4 (20. Qd2 e5 $11) 20... b4 (20... e5 21. Bxg7
Kxg7 22. Nb3 $15) 21. hxg6 hxg6 22. Bxg7 (22. Qg5 $142 $5 $11 {
is an interesting idea}) 22... Kxg7 $17 23. Ng5 Nf4 24. f3 (24. Qe3 $142 bxc3
25. bxc3 $17) 24... Bd5 $4 {a transit from better to worse} (24... bxc3 25.
bxc3 Rbe8 26. Qe3 $19) 25. Qe3 $2 (25. c4 $142 {
and White could well hope to play on} Ba8 26. g3 Nh3+ 27. Kg2 Nxg5 28. Qxg5 $15
) 25... Rh8 $19 26. cxb4 $2 (26. c4 $142 Rh5 27. cxd5 Rxg5 28. Rac1 Nh3+ 29.
Kf1 $19) 26... Nxg2 $1 {Demolishes the pawn shield} (26... Rxb4 $6 27. Rac1 Qb8
28. b3 $17) 27. Kxg2 {Decoy theme: g2} (27. Qe5+ Qxe5 28. Rxe5 $19) 27... Rh2+
28. Kf1 Bc4+ 29. Re2 Rh1+ (29... Rh1+ 30. Qg1 Qh2 31. Qxh1 Qxh1+ 32. Kf2 Qh4+
33. Ke3 Qxg5+ 34. f4 Qg3+ 35. Nf3 Bxe2 36. Kxe2 Rxb4 37. Rf1 Rxb2+ 38. Ke3 Rxa2
39. Kd3 Ra3+ 40. Ke2 Qg2+ 41. Rf2 Ra2+ 42. Kd3 Qxf2 43. Ng5 Rd2+ 44. Kc4 Qd4+
45. Kb3 Rb2+ 46. Ka3 Qb4#) 0-1

[Event "The Asheboro Open III"]
[Site "?"]
[Date "2005.08.13"]
[Round "2"]
[White "Yu, Charles"]
[Black "Greene, Matthew"]
[Result "1-0"]
[WhiteElo "1551"]
[BlackElo "1552"]
[Annotator "Fritz 9 (30s)"]
[PlyCount "78"]
[SourceDate "2006.11.11"]

{A00: Irregular Openings} 1. b4 Nf6 2. Bb2 e6 3. a3 c5 4. bxc5 Bxc5 5. d4 Be7
6. Nf3 O-O 7. Nbd2 d5 8. e3 Nc6 9. c4 (9. Bd3 b6 10. O-O Bb7 11. Qe2 Rc8 12. c4
Ba6 13. Rac1 Na5 14. Ne5 Bb7 15. f3 Bd6 16. cxd5 exd5 17. Rxc8 Bxc8 18. g4 Qe7
19. g5 Nd7 20. f4 Nxe5 21. dxe5 Bc5 22. h4 Nc4 23. Nxc4 dxc4 {
Juswanto,D (2430)-Tiviakov,S (2600)/Jakarta 1997/EXT 2000/0-1 (43)}) 9... Qa5
$146 (9... Bd7 10. Bd3 Rc8 11. O-O Qc7 12. Ne5 Bd6 13. f4 a6 14. Rf3 dxc4 15.
Ndxc4 b5 16. Nxd6 Qxd6 17. Rh3 Ne7 18. Bxh7+ Kh8 19. Qf3 Neg8 20. Bg6+ Nh6 21.
Bxf7 Kh7 22. Qg3 Rxf7 23. Rxh6+ Kg8 24. Rh8+ {
Gapp,W (1855)-Senoner,P (1790)/Vorarlberg 1996/EXT 99/1-0}) 10. Qc2 Ne4 (10...
Bd7 11. Rb1 $11) 11. Bd3 $14 f5 12. O-O {White castles and improves king safety
} Bf6 13. Nb3 ({Inferior is} 13. Nxe4 fxe4 14. Bxe4 dxe4 15. Qxe4 Qh5 $17) (13.
Bxe4 $6 dxe4 14. Nb3 Qc7 $11) 13... Qd8 14. Nfd2 (14. Ne5 Qe8 $16) 14... Na5
15. Nxa5 Qxa5 16. Nb3 Qc7 17. f3 {White threatens to win material: f3xe4} Ng5 (
17... Nd6 18. c5 Nf7 19. e4 $14) 18. Rac1 Bd7 (18... Be7 $142 $5 $14 {
has some apparent merit}) 19. cxd5 $18 Qxc2 20. Bxc2 exd5 21. Nc5 Bc8 22. Bb3
Rd8 23. e4 (23. Nd3 Be6 $18) 23... fxe4 (23... b6 24. Nd3 (24. Bxd5+ $143 Rxd5
25. exd5 bxc5 $14) 24... fxe4 25. Nf4 exf3 26. Bxd5+ Rxd5 27. Nxd5 $16) 24.
fxe4 b6 25. Bxd5+ (25. h4 $142 $5 Nf7 26. Bxd5 Rxd5 27. exd5 bxc5 28. Rxf6 gxf6
29. dxc5 $16) 25... Rxd5 $14 {Eliminates the defender d5} 26. exd5 bxc5 27.
Rxc5 {White has a new passed pawn: d5. White can be proud of that piece. .} (
27. Rxf6 $5 {is worthy of consideration} gxf6 28. dxc5 $14) 27... Rb8 28. Rf4 (
28. Re1 Bf5 29. d6 g6 $15 (29... Rxb2 $143 30. Rxf5 Kf7 31. Kf1 $14)) 28... Nf7
(28... Ba6 29. h4 Rxb2 30. hxg5 Bxg5 31. Re4 $17) 29. Bc3 Bg5 {
Black threatens to win material: Bg5xf4} 30. Rf1 Nd6 31. Bb4 Be3+ {
Black forks: g1+d4} 32. Kh1 Nf5 $2 (32... Bg4 $142 $11 {
would keep Black in the game}) 33. g4 $18 Nh6 $4 {
terrible, but the game is lost in any case} (33... Bxd4 $142 34. Rxc8+ $1 {
Annihilates a defender: c8} Rxc8 35. gxf5 Bb6 $18) 34. Rb5 $3 {A double attack}
Bb7 (34... Rxb5 35. Rf8# {Theme: Double Attack}) 35. Rxb7 $1 {
finishing the game} Rc8 (35... Rxb7 {A deflection} 36. Rf8# {
A classical mating theme}) 36. d6 (36. Rc7 $142 {seems even better} Re8 37. d6
$18) 36... Bxd4 (36... Bg5 {the last chance for counterplay} 37. d7 Rd8 $18)
37. d7 (37. Re7 $142 {and White can celebrate victory} Rf8 38. Rxf8+ Kxf8 $18)
37... Rd8 38. Be7 Ra8 39. d8=Q+ (39. Rc7 Rd8 40. Rc8 Bf2 41. Rxd8+ Kf7 42. Rf8+
Kg6 43. d8=Q Nxg4 44. Qd3+ Kh6 45. Qh3+ Kg6 46. Qxg4+ Kh6 47. Qg5#) 39... Rxd8
$18 1-0